| 000 | 00645nam a2200229Ia 4500 | ||
|---|---|---|---|
| 005 | 20260430150037.0 | ||
| 008 | 008 250103s9999 xx 000 0 eng d | ||
| 037 | _aTheses | ||
| 040 | _aCRL | ||
| 040 | _beng | ||
| 040 | _ceng | ||
| 041 | _2eng | ||
| 041 | _aeng | ||
| 084 | _qCRL | ||
| 100 |
_aTaravati Au.; Mohan Gu. _91236280 |
||
| 245 | 0 | _aRelation between man and nature as reflected in Russian and the hindi belt seasonal folk song | |
| 260 | _c2022 | ||
| 300 | _a280p. | ||
| 700 |
_aUniversity of Delhi. Faculty of Arts. Department of Slavonic & Finno-Ugrian Studies _91236281 |
||
| 942 | _cTH | ||
| 999 |
_c1848805 _d1848805 |
||